000 01167nam a2200157 4500
008 709.2 B447p
020 _a9789968899383
082 _a709.2
_bB447p
100 _aBelli, Patricia
_95649
245 _aEquilibrio y Colapso
260 _aSan José, Costa Rica
_bTEOR/éTica
_c2018
300 _a185 p.
_bil (col)
_c22 x 16,5 cm
505 _tPresentación
_rTEOR/éTica
_tPresentación
_rFundación Ortiz Gurdián
_tPatricia Belli y la alquimia política del cuerpo
_rMiguel A. López
_tRewind and fast-forward. El activismo cultural de Patricia Belli
_rRaúl Quintanilla Armijo
_tHechizo en Managua
_rTamara Díaz-Bringas
_tLas acrobacias de Patricia Belli
_rVirginia Pérez-Ratton
_tNo enseñar, aprender: los experimentos educativos de Espira. Entrevista con Patricia Belli
_rMiguel A. López
_tNarrativa de Patricia Belli
_tEl hechizo (1995)
_tCicatrices (1997)
_tEspejos (1998)
_tDecálogo (2002)
_tLínea del tiempo
_tBiografía
_tBibliografía
_tLista de obras
_tAutores
_tAgradecimientos
_tCréditos
600 _xarte contemporáneo
_xarte - Nicaragua
_xarte - crítica
_xPatricia Belli
_xarte - instalación
_97031
700 _aLópez, Miguel A. (edición)
_97032
999 _c1782
_d1782